00873 2200193 4500001002100000005001500021035002000036008004100056245004400097100002100141250000600162260004800168300001200216084001400228082000800242650001000250520040700260990001200667INLIS00000000000112920240522085654 a0010-0524000364240522 1 ind 1 aEula Bee; Tunggu Aku /cPatricia Beatty aBeatty, Patricia a1 aJakarta :bPT. Pustaka Utama Grafiti,c1991 a233 hlm a813 PAT e a813 4aFiksi aKetika ayahnya pergi ke medan perang, Lewallen Collier dan adik perempuannya tertawan dalam suatu penyerangan berdarah pasukan Comanche. Kagum akan keberaniannya, Indian-indian itu memberinya nama Si Penyanyi Lagu Peperangan dan mencoba mendidiknya untuk menjadi seorang prajurit muda. Tetapi keinginan Lewallen hanyalah melarikan diri dan suatu hari bisa kembali untuk menyelamatkan si kecil Eula Bee. a0744107